Roma o Moscú (Record no. 117920)

MARC details
000 -LEADER
campo de control de longitud fija 00632nam a2200193 4500
001 - NÚMERO DE CONTROL
campo de control 117920
003 - IDENTIFICADOR DE NÚMERO DE CONTROL
campo de control ES-MaACL
005 - FECHA Y HORA DE LA ÚLTIMA TRANSACCIÓN
campo de control 20230906191009.0
007 - CAMPO FIJO DE DESCRIPCIÓN FÍSICA--INFORMACIÓN GENERAL
campo de control de longitud fija t|
008 - DATOS DE LONGITUD FIJA--INFORMACIÓN GENERAL
campo de control de longitud fija 070214s1926 sp r ||||1| spa d
100 1# - ENTRADA PRINCIPAL--NOMBRE DE PERSONA
Nombre de persona Paquet, Alfons.
9 (RLIN) 88896
245 10 - MENCIÓN DEL TÍTULO
Título Roma o Moscú
Resto del título : siete ensayos /
Mención de responsabilidad, etc. Alfons Paquet ; traducción del alemán por Joaquín de Zuazagoitia.
260 ## - PUBLICACIÓN, DISTRIBUCIÓN, ETC.
Lugar de publicación, distribución, etc. Madrid :
Nombre del editor, distribuidor, etc. Revista de Occidente,
Fecha de publicación, distribución, etc. 1926.
300 ## - DESCRIPCIÓN FÍSICA
Extensión 175 p. ;
Dimensiones 18 cm.
650 #4 - PUNTO DE ACCESO ADICIONAL DE MATERIA--TÉRMINO DE MATERIA
Término de materia o nombre geográfico como elemento de entrada Historia-
Subdivisión general Filosofía.
9 (RLIN) 13380
650 #4 - PUNTO DE ACCESO ADICIONAL DE MATERIA--TÉRMINO DE MATERIA
Término de materia o nombre geográfico como elemento de entrada Historia universal-
Subdivisión de forma Misceláneas.
9 (RLIN) 171948
700 1# - ENTRADA AGREGADA--NOMBRE PERSONAL
Nombre de persona Zuazagoitia, Joaquín de.
9 (RLIN) 118382
852 ## - LOCALIZACIÓN
Ubicación ES-MaACL
Número de control de estantería F-420
Holdings
Estatus retirado Estado de pérdida Estado de daño No para préstamo Biblioteca de origen Biblioteca actual Ubicación en estantería Fecha de adquisición Fuente de adquisición Total de préstamos Signatura topográfica completa Código de barras Visto por última vez Precio de reemplazo Tipo de ítem Koha
        Biblioteca del Ateneo de Madrid Biblioteca del Ateneo de Madrid Depósito 2 17/01/2008     F-420 1122935 23/02/2023 23/02/2023 Libro impreso